My first 1000 words: A picture wordbook / (Record no. 8571)

MARC details
000 -LEADER
fixed length control field 00863nam a22002297a 4500
001 - CONTROL NUMBER
control field 8571
003 - CONTROL NUMBER IDENTIFIER
control field FISKH
005 - DATE AND TIME OF LATEST TRANSACTION
control field 20250930120110.0
008 - FIXED-LENGTH DATA ELEMENTS--GENERAL INFORMATION
fixed length control field 250930b cb ||||| |||| 00| 0 eng d
020 ## - INTERNATIONAL STANDARD BOOK NUMBER
International Standard Book Number 8908008071973
040 ## - CATALOGING SOURCE
Original cataloging agency FISKH
Language of cataloging eng
Transcribing agency FISKH
Modifying agency FISKH
050 ## - LIBRARY OF CONGRESS CALL NUMBER
Classification number PE1449 .F44
082 ## - DEWEY DECIMAL CLASSIFICATION NUMBER
Classification number 428.1
100 ## - MAIN ENTRY--PERSONAL NAME
Personal name Feldman, Thea
245 ## - TITLE STATEMENT
Title My first 1000 words: A picture wordbook /
260 ## - PUBLICATION, DISTRIBUTION, ETC.
Place of publication, distribution, etc. Greater Noida :
Name of publisher, distributor, etc. Sterling,
Date of publication, distribution, etc. 2003.
300 ## - PHYSICAL DESCRIPTION
Extent 125 pages :
Other physical details color illustrations ;
Dimensions 29 cm
520 ## - SUMMARY, ETC.
Summary, etc. Juvenile Nonfiction. Language Arts. Reference. HTML:This engaging wordbook introduces early readers to new vocabulary words with the help of their favorite Disney and Pixar characters. Key vocabulary from the child's world is introduced alongside full-color illustrations.
650 ## - SUBJECT ADDED ENTRY--TOPICAL TERM
Topical term or geographic name entry element Vocabulary
Form subdivision Words
942 ## - ADDED ENTRY ELEMENTS (KOHA)
Source of classification or shelving scheme Dewey Decimal Classification
Koha item type Books
Suppress in OPAC No
Holdings
Withdrawn status Lost status Source of classification or shelving scheme Damaged status Not for loan Collection Home library Current library Shelving location Date acquired Total Checkouts Full call number Barcode Date last seen Copy number Price effective from Koha item type
    Dewey Decimal Classification     Reference Footprints International School Library Network Toul Kork Campus Footprints International School Library Network Toul Kork Campus Librarian's Shelf TK 09/30/2025   FEL 428.1 PE1449 .F44 2025-4446 09/30/2025 1 09/30/2025 Books